| 000 | 00441 a2200169 4500 | ||
|---|---|---|---|
| 999 |
_c29428 _d29428 |
||
| 003 | NUST | ||
| 005 | 20180118141451.0 | ||
| 008 | 180118b xxu||||| |||| 00| 0 eng d | ||
| 020 | _a032100972X | ||
| 020 | _a9780321009722 | ||
| 082 | 0 | 4 | _a530 |
| 100 | 1 |
_aHewitt, Paul G. _98811 |
|
| 245 | 1 | 0 |
_aConceptual physics : _bpracticing physics / _cPaul G. Hewitt. |
| 250 | _aWorkbook ed. | ||
| 260 |
_a[S.l.] : _bAddison-Wesley, _c1998. |
||
| 300 |
_a107 p. ; _c28 cm. |
||
| 700 |
_aHewitt, Paul G. _98811 |
||
| 942 |
_aSNS _cBK _k530 HEW _2ddc |
||